| 000 | 00565nam a22001817a 4500 | ||
|---|---|---|---|
| 003 | JO-AjAnu | ||
| 005 | 20240611102807.0 | ||
| 008 | 240611b jo ||||| |||| 00| 0 ara d | ||
| 020 | _a978-9923-170-61-8 | ||
| 040 |
_aJO-AjAnu _bARA _cJO-AjAnu |
||
| 041 | 0 | _hara | |
| 100 |
_aعمرو، عايد _eمؤلف _965460 |
||
| 245 | 0 |
_aمبادئ حفظ الأغذية _c/ عايد عمرو |
|
| 260 |
_aعمان: _bدار زهدي للنشر والتوزيع، _c2019 |
||
| 300 | _a495 صفحه | ||
| 650 | _vالاغذية- حفظ الاغذية | ||
| 942 |
_2lcc _cBK _n0 |
||
| 999 |
_c33536 _d33536 |
||